000 00392nam a2200169Ia 4500
100 _aParthasarathy/Harish
650 _aMathematical Physics
942 _cBK
366 _f20
654 _amathematical physics
245 _aTopics in Mathematical Physics
260 _bAne Books India
_aMumbai
_c2007
082 _a530.15/PAR
_bPAR
300 _a756
546 _aENGLISH
999 _c22963
_d22963